<?xml version="1.0" encoding="utf-8"?>
<?xml-stylesheet type='text/xsl' href='./oai2.xsl'?>
<OAI-PMH xmlns="http://www.openarchives.org/OAI/2.0/" xmlns:xsi="http://www.w3.org/2001/XMLSchema-instance" xsi:schemaLocation="http://www.openarchives.org/OAI/2.0/ http://www.openarchives.org/OAI/2.0/OAI-PMH.xsd">
  <responseDate>2026-04-30T05:46:33Z</responseDate>
  <request verb="GetRecord" metadataPrefix="marcxml" identifier="isil_DE-MUS-163517_kenom_28323">https://kulturerbe.niedersachsen.de/oai</request>
  <GetRecord>
    <record>
      <header>
        <identifier>isil_DE-MUS-163517_kenom_28323</identifier>
        <datestamp>2014-10-28T11:31:50Z</datestamp>
        <setSpec>slg0021</setSpec>
      </header>
      <metadata>
        <marc:record xmlns:marc="http://www.loc.gov/MARC21/slim" xsi:schemaLocation="http://www.loc.gov/MARC21/slim http://www.loc.gov/standards/marcxml/schema/MARC21slim.xsd">
          <marc:leader>12345nrm  22     uu 4500</marc:leader>
          <marc:controlfield tag="001">28323</marc:controlfield>
          <marc:controlfield tag="005">2014-07-22T14:16:28</marc:controlfield>
          <marc:controlfield tag="008">|           ||||||||||||||||||||||</marc:controlfield>
          <marc:datafield tag="245" ind1="1" ind2="0">
            <marc:subfield code="a">Königreich Großbritannien/Vereinigtes Königreich; für Britisch-Indien; Rupie (Rupee)</marc:subfield>
          </marc:datafield>
          <marc:datafield tag="700" ind1="1" ind2=" ">
            <marc:subfield code="a">Viktoria &lt;Großbritannien, Königin&gt;</marc:subfield>
            <marc:subfield code="d">* 1819 † 1901</marc:subfield>
            <marc:subfield code="e">Münzherr</marc:subfield>
          </marc:datafield>
          <marc:datafield tag="655" ind1=" " ind2="7">
            <marc:subfield code="a">Münzen, Medaillen, Geldscheine</marc:subfield>
          </marc:datafield>
          <marc:datafield tag="046" ind1=" " ind2=" ">
            <marc:subfield code="k">1861</marc:subfield>
            <marc:subfield code="k">1861</marc:subfield>
          </marc:datafield>
          <marc:datafield tag="260" ind1=" " ind2=" ">
            <marc:subfield code="g">1861</marc:subfield>
            <marc:subfield code="g">1861</marc:subfield>
          </marc:datafield>
          <marc:datafield tag="300" ind1=" " ind2=" ">
            <marc:subfield code="a">Ø 30,8 mm; Gewicht: 11,525 g</marc:subfield>
          </marc:datafield>
          <marc:datafield tag="520" ind1=" " ind2=" ">
            <marc:subfield code="a">Der Münzname Rupie kommt von einem altindischen Wort für Silber bzw. Silbermünze. Am wichtigsten ist die indische Rupie, die bis zur Gegenwart geprägt wird. Die Nominalbezeichnung war in Südostasien und den unter britischer Herrschaft wirtschaftlich von Indien beeinflussten Gebieten Ostafrikas verbreitet. Sogar für die deutsche Kolonie, das sogenannte “Schutzgebiet” Deutsch-Ostafrika, wurden Rupien ausgegeben. 

Indien stand ab 1757 teilweise unter Einfluss der Britisch-Ostindischen Kompanie und war ab 1813 Britische Kolonie. Die Ostindische Kompanie wurde 1858 aufgelöst und Britisch-Indien wurde zur Kronkolonie. Das von 1877 bis 1947 bestehende Kaiserreich Indien wurde in Personalunion mit Großbritannien regiert. Die indischen Fürstenstaaten standen bis 1947 unter britischem Protektorat.</marc:subfield>
          </marc:datafield>
          <marc:datafield tag="773" ind1="0" ind2=" ">
            <marc:subfield code="t">Münzkabinett</marc:subfield>
          </marc:datafield>
          <marc:datafield tag="852" ind1=" " ind2=" ">
            <marc:subfield code="a">Niedersächsisches Landesmuseum Hannover</marc:subfield>
          </marc:datafield>
          <marc:datafield tag="852" ind1=" " ind2=" ">
            <marc:subfield code="a">Kalkutta</marc:subfield>
          </marc:datafield>
          <marc:datafield tag="" ind1=" " ind2=" ">
            <marc:subfield code="a">Namensnennung 4.0 International (CC BY 4.0)</marc:subfield>
          </marc:datafield>
        </marc:record>
      </metadata>
    </record>
  </GetRecord>
</OAI-PMH>
